Feral nights
Tracking his sister to Austin only to discover that she is a key suspect in a murder case, werecat Yoshi embarks on a search for answers, while werepossum Clyde and Aimee pursue their own investigation in an effort to avenge the killing.
Zapisane w:
| 1. autor: | |
|---|---|
| Format: | Książka |
| Język: | Undetermined |
| Wydane: |
Massachusetts
Candlewick Press
2013
|
| Hasła przedmiotowe: | |
| Etykiety: |
Dodaj etykietę
Nie ma etykietki, Dołącz pierwszą etykiete!
|
| Thư viện lưu trữ: | Trung tâm Học liệu Trường Đại học Cần Thơ |
|---|
| LEADER | 00808nam a2200181Ia 4500 | ||
|---|---|---|---|
| 001 | CTU_226027 | ||
| 008 | 210402s9999 xx 000 0 und d | ||
| 082 | |a 813.6 | ||
| 082 | |b S642 | ||
| 100 | |a Smith, Cynthia Leitich | ||
| 245 | 0 | |a Feral nights | |
| 245 | 0 | |c Cynthia Leitich Smith | |
| 260 | |a Massachusetts | ||
| 260 | |b Candlewick Press | ||
| 260 | |c 2013 | ||
| 520 | |a Tracking his sister to Austin only to discover that she is a key suspect in a murder case, werecat Yoshi embarks on a search for answers, while werepossum Clyde and Aimee pursue their own investigation in an effort to avenge the killing. | ||
| 650 | |a Tiểu thuyết huyền bí,Sách hư cấu dành cho giới trẻ,Young adult fiction,Paranormal fiction | ||
| 980 | |a Trung tâm Học liệu Trường Đại học Cần Thơ | ||